000 00401nam a22001457a 4500
003 MACL
005 20170917124342.0
008 170917b xxu||||| |||| 00| 0 eng d
040 _cMACL
100 _aDash, Rajendra Kumar
_969131
245 _aProfessional Learner's Dictionary of Spoken English
260 _aDelhi
_bPHI Learning Private Ltd
_c2016
650 _aDictionary
_969132
942 _2ddc
_cBK
999 _c57040
_d57040